000
00278nam a22001337a 4500
008
170627b xxu||||| |||| 00| 0 eng d
020
_a
0631134581
041
_a
eng
080
_a
82
100
_a
21
101
_a
GJL
245
_a
LITERARY MEANING
_c
RAY, W
942
_2
udc
_c
BK
999
_c
19253
_d
19253